| 000 | 00345nam a2200145Ia 4500 | ||
|---|---|---|---|
| 008 | 221030s9999 xx 000 0 und d | ||
| 041 | _aEnglish | ||
| 082 |
_a105.23 _bSin |
||
| 100 | _aS. Singh | ||
| 245 | 0 |
_aWorkshop Practice _cby S. Singh |
|
| 260 |
_bS.K. Kataria & Sons _aDelhi _c2000 |
||
| 300 | _a227 | ||
| 650 | _aMechanical | ||
| 942 | _cBK | ||
| 999 |
_c6545 _d6545 |
||